| 000 | 00000nas##2200000za#4500 |
|---|---|
| 001 | 9.503658 |
| 003 | CaOODSP |
| 005 | 20250611103459 |
| 007 | cr ||||||||||| |
| 008 | 150406c2009||||xxc|| p o||||f| |0fre|d |
| 022 | |a1925-2803 |
| 040 | |aCaOODSP|bfre |
| 043 | |an-cn--- |
| 086 | 1 |aA71-34F-PDF |
| 110 | 1 |aCanada. |bAgriculture et agroalimentaire Canada. |
| 245 | 13|aUn aperçu de l'industrie fruitière du Canada |h[ressource électronique] |
| 260 | |aOttawa - Ontario : |bAgriculture et Agroalimentaire Canada |
| 310 | |aAnnuel |
| 362 | 1 |a[2009]-- |
| 775 | 08|tA snapshot of the Canadian fruit industry |w(CaOODSP)9.507269 |